000 00632nam a2200193 i 4500
001 129718
003 ES-MaACL
005 20230906193547.0
007 t|
008 070704s1970 sp ||||1| spa d
080 _a891.2-141"-01"
080 _a891.2 Bhagavadgita.06
100 1 _aLlaraz Eslava, Félix Guillermo.
_972721
245 1 3 _aEl señor del yoga
_b: = El bhagavadgita /
_c[estudio y traducción Félix Guillermo Llaraz].
260 _a[Madrid :
_bEd. Hispanoamericana,
_c1970]
300 _a176 p. ;
_c22 cm.
630 0 7 _aBhagavadgita-
_xCrítica e interpretación.
_9119231
852 _aES-MaACL
_jC-39542
_bR.75875
999 _c129718
_d129718